000 01498nam a2200313 4500
001 0000013807
003 CO-CtgCURN
005 20250515202422.0
007 ta
008 160627s1980 000 0 eng d
020 _a8482721232
040 _aCO-CtgCURN
_bspa
_ccoctgcurn
082 0 _a346.5
_bE53c
100 1 _aEmiliani Roman, Raimundo.
245 1 0 _aConferencia de obligaciones :
_bfuentes voluntarias de las obligaciones /
_cRaimundo Emiliani Roman.
260 _aBogotá :
_bTemis,
_c1980.
300 _axvi, 356 p.
336 _2rdacontent
337 _2rdamedia
_asin mediacion
_bn
338 _2rdacarrier
_avolumen
_bnc
505 8 _aNocion y definicion de la obligacion.--Elementos integrantes de la obligacion.--Caracteristicas de la obligacion.--Fuentes de las obligaciones.--Autonomia de la voluntad.--Clasificacion de los contratos.--Vicios del consentimiento.--Lesion.--Responsabilidad contractual.--La mora.--Del perjuicio o daño y su indemnizacion.--Vinculo de causalidad entre culpabilidad del deudo y el incumplimento.--Modalidades de la responsabilidad en los contratos bilaterales.--Efectos de los contratos respecto de los terceros
650 1 4 _aObligaciones (Derecho)
650 1 4 _aContratos
_zColombia.
650 1 4 _aResponsabilidad legal
_zColombia.
908 _a160627
942 _cBK
_h346.5
_iE53c
_2ddc
_n0
999 _c20203
_d20203